[Event "33rd Pula Open 2019"]
[Site "Pula"]
[Date "2019.06.28"]
[Round "8.7"]
[White "Pecnik, Leo"]
[Black "Rubil, Marko"]
[Result "0-1"]
[WhiteElo "2334"]
[BlackElo "2226"]
[Annotator "NA"]
[PlyCount "90"]
[EventDate "2019.06.22"]
[EventType "swiss"]
[EventCountry "CRO"]
[SourceTitle "playchess.com"]
[Source "ChessBase"]
[SourceQuality "1"]
[TimeControl "5400+30"]

1. c4 {[%emt 0:00:30]} e5 {[%emt 0:10:30]} 2. e3 {[%emt 0:00:30]} Nf6 {[%emt 0:00:30]} 3. Nc3 {[%emt 0:00:00]} Be7 {[%emt 0:01:30]} 4. Nf3 {[%emt 0:03:00]} Nc6 {[%emt 0:00:30]} 5. d4 {[%emt 0:00:30]} exd4 {[%emt 0:00:30]} 6. Nxd4 {[%emt 0:06:30]} O-O {[%emt 0:07:30]} 7. Be2 {[%emt 0:04:30]} Bb4 {[%emt 0:07:30]} 8. O-O {[%emt 0:03:30]} Bxc3 {[%emt 0:13:30]} 9. bxc3 {[%emt 0:00:30]} Ne7 {[%emt 0:00:30]} 10. Qc2 {[%emt 0:08:30]} d6 {[%emt 0:01:30]} 11. e4 {[%emt 0:07:30]} h6 {[%emt 0:11:30]} 12. Rd1 {[%emt 0:18:30]} Bd7 {[%emt 0:06:30]} 13. a4 {[%emt 0:04:30]} a5 {[%emt 0:02:30]} 14. Nb5 {[%emt 0:03:30]} b6 {[%emt 0:07:30]} 15. c5 {[%emt 0:09:30]} bxc5 {[%emt 0:09:13]} 16. e5 {[%emt 0:02:30]} dxe5 {[%emt 0:00:26]} 17. Ba3 {[%emt 0:00:00]} Re8 {[%emt 0:01:07]} 18. Bxc5 {[%emt 0:01:00]} Ng6 {[%emt 0:05:52]} 19. Rd2 {[%emt 0:05:40]} Nf4 {[%emt 0:00:39]} 20. Bf1 {[%emt 0:01:07]} Ne6 {[%emt 0:00:14]} 21. Ba3 {[%emt 0:00:19]} Qc8 {[%emt 0:00:19]} 22. Re1 {[%emt 0:01:04]} Nf4 {[%emt 0:00:26]} 23. c4 {[%emt 0:01:01]} Bc6 {[%emt 0:07:00]} 24. Bb2 {[%emt 0:05:14]} Qb7 {[%emt 0:00:02]} 25. f3 {[%emt 0:05:59]} Ng6 {[%emt 0:01:43]} 26. Rde2 {[%emt 0:02:18]} Nd7 {[%emt 0:01:09]} 27. c5 {[%emt 0:01:46]} Re7 {[%emt 0:00:25]} 28. Rf2 {[%emt 0:00:31]} Rae8 {[%emt 0:00:33]} 29. Qc3 {[%emt 0:00:23]} Nf4 {[%emt 0:00:38]} 30. Qxa5 {[%emt 0:00:58]} Nxc5 {[%emt 0:00:13]} 31. Ba3 {[%emt 0:01:10]} Ncd3 {[%emt 0:02:21]} 32. Bxd3 {[%emt 0:01:44]} Nxd3 {[%emt 0:00:01]} 33. Bxe7 {[%emt 0:00:07]} Rxe7 {[%emt 0:00:27]} 34. Rd1 {[%emt 0:01:32]} Nxf2 {[%emt 0:00:09]} 35. Kxf2 {[%emt 0:00:03]} e4 {[%emt 0:00:22]} 36. Rd8+ {[%emt 0:00:50]} Kh7 {[%emt 0:00:39]} 37. Qb4 {[%emt 0:00:49]} Qb6+ {[%emt 0:00:25]} 38. Kg3 {[%emt 0:00:27]} Re6 {[%emt 0:00:20]} 39. Qd4 {[%emt 0:00:49]} Qa5 {[%emt 0:01:39]} 40. Qd2 {[%emt 0:00:32]} Qxa4 {[%emt 0:00:26]} 41. Nxc7 {[%emt 0:00:14]} Rg6+ {[%emt 0:01:04]} 42. Kh3 {[%emt 0:00:24]} exf3 {[%emt 0:00:20]} 43. gxf3 {[%emt 0:00:34]} Bxf3 {[%emt 0:00:15]} 44. Qd4 {[%emt 0:00:52]} Qa5 {[%emt 0:00:26]} 45. Nb5 {[%emt 0:00:30]} Bg2+ {[%emt 0:00:31]} 0-1

[Event "33rd Pula Open 2019"]
[Site "Pula"]
[Date "2019.06.28"]
[Round "8.8"]
[White "Urh, Zala"]
[Black "Maier, Christian"]
[Result "1/2-1/2"]
[WhiteElo "2127"]
[BlackElo "2299"]
[Annotator "NA"]
[PlyCount "20"]
[EventDate "2019.06.22"]
[EventType "swiss"]
[EventCountry "CRO"]
[SourceTitle "playchess.com"]
[Source "ChessBase"]
[SourceQuality "1"]
[TimeControl "5400+30"]

1. e4 {[%emt 0:03:30]} e5 {[%emt 0:00:30]} 2. Nf3 {[%emt 0:00:30]} Nc6 {[%emt 0:00:30]} 3. Bc4 {[%emt 0:00:30]} Be7 {[%emt 0:01:30]} 4. c3 {[%emt 0:02:30]} Nf6 {[%emt 0:00:00]} 5. d3 {[%emt 0:00:30]} O-O {[%emt 0:00:00]} 6. O-O {[%emt 0:01:30]} d6 {[%emt 0:04:30]} 7. Re1 {[%emt 0:03:30]} h6 {[%emt 0:04:30]} 8. Nbd2 {[%emt 0:01:30]} Nh7 {[%emt 0:04:30]} 9. h3 {[%emt 0:03:30]} Ng5 {[%emt 0:05:30]} 10. Nf1 {[%emt 0:03:30]} Nxf3+ {[%emt 0:05:30]} 1/2-1/2

[Event "33rd Pula Open 2019"]
[Site "Pula"]
[Date "2019.06.28"]
[Round "8.9"]
[White "Tratar, Marko"]
[Black "Ghersinich, Enrico"]
[Result "1-0"]
[WhiteElo "2463"]
[BlackElo "2221"]
[Annotator "ChessBase"]
[PlyCount "77"]
[EventDate "2019.06.22"]
[EventType "swiss"]
[EventCountry "CRO"]
[SourceTitle "playchess.com"]
[Source "ChessBase"]
[SourceQuality "1"]
[TimeControl "5400+30"]

1. Nf3 {[%emt 0:00:30]} c5 {[%emt 0:00:30]} 2. c4 {[%emt 0:00:00]} Nc6 {[%emt 0:00:30]} 3. d4 {[%emt 0:02:00]} cxd4 {[%emt 0:00:30]} 4. Nxd4 {[%emt 0:00:30]} g6 {[%emt 0:00:30]} 5. e4 {[%emt 0:00:30]} Bg7 {[%emt 0:00:00]} 6. Be3 {[%emt 0:00:00]} Nf6 {[%emt 0:00:00]} 7. Nc3 {[%emt 0:02:00]} Ng4 {[%emt 0:01:30]} 8. Qxg4 {[%emt 0:00:30]} Nxd4 {[%emt 0:00:00]} 9. Qd1 {[%emt 0:00:30]} e5 {[%emt 0:00:00]} 10. Bd3 {[%emt 0:03:30]} O-O {[%emt 0:00:30]} 11. a4 {[%emt 0:03:30]} d6 {[%emt 0:03:30]} 12. O-O {[%emt 0:14:30]} Ne6 {[%emt 0:10:30]} 13. Qd2 {[%emt 0:06:30]} f5 {[%emt 0:08:30]} 14. f3 {[%emt 0:01:30]} f4 {[%emt 0:15:30]} 15. Bf2 {[%emt 0:00:30]} Rf7 {[%emt 0:01:30]} 16. Rfd1 {[%emt 0:03:30]} Bf8 {[%emt 0:01:30]} 17. Bf1 {[%emt 0:05:30]} Qe8 {[%emt 0:11:30]} 18. Nb5 {[%emt 0:05:30]} Qc6 {[%emt 0:02:30]} 19. Qd5 {[%emt 0:04:30]} g5 {[%emt 0:15:30]} 20. Nxd6 {[%emt 0:06:30]} Qxd6 {[%emt 0:01:30]} 21. Qxd6 {[%emt 0:00:00]} Bxd6 {[%emt 0:00:00]} 22. Rxd6 {[%emt 0:00:00]} g4 {[%emt 0:01:00]} 23. fxg4 {[%emt 0:17:30]} Ng5 {[%emt 0:02:30]} 24. Bh4 {[%emt 0:04:25]} Nxe4 {[%emt 0:00:30]} 25. Rd8+ {[%emt 0:00:15]} Kg7 {[%emt 0:02:30]} 26. Re1 {[%emt 0:00:28]} Nc5 {[%emt 0:07:32]} 27. Rxe5 {[%emt 0:00:22]} Nd7 {[%emt 0:00:04]} 28. Rg5+ {[%emt 0:00:35]} Kh6 {[%emt 0:00:06]} 29. Rgg8 {[%emt 0:00:27]} Rg7 {[%emt 0:00:58]} 30. g5+ {[%emt 0:02:01]} Kg6 {[%emt 0:00:09]} 31. Bd3+ {[%emt 0:00:12]} Kf7 {[%emt 0:00:07]} 32. Bxh7 {[%emt 0:00:32]} Rxg8 {[%emt 0:01:48]} 33. Rxg8 {[%emt 0:01:34]} Nb6 {[%emt 0:02:29]} 34. g6+ {[%emt 0:00:18]} Ke6 {[%emt 0:00:06]} 35. Re8+ {[%emt 0:00:10]} Kd6 {[%emt 0:00:33]} 36. g7 {[%emt 0:00:40]} Be6 {[%emt 0:00:15]} 37. c5+ {[%emt 0:00:30]} Kd5 {[%emt 0:00:18]} 38. Rxe6 {[%emt 0:00:16]} Kxe6 {[%emt 0:00:09]} 39. g8=Q+ {[%emt 0:00:10]} 1-0

[Event "33rd Pula Open 2019"]
[Site "Pula"]
[Date "2019.06.28"]
[Round "8.10"]
[White "Bakker, Guido"]
[Black "Fercec, Nenad"]
[Result "0-1"]
[WhiteElo "2208"]
[BlackElo "2446"]
[Annotator "NA"]
[PlyCount "42"]
[EventDate "2019.06.22"]
[EventType "swiss"]
[EventCountry "CRO"]
[SourceTitle "playchess.com"]
[Source "ChessBase"]
[SourceQuality "1"]
[TimeControl "5400+30"]

1. d4 {[%emt 0:00:30]} Nf6 {[%emt 0:00:30]} 2. c4 {[%emt 0:00:00]} g6 {[%emt 0:00:00]} 3. Nf3 {[%emt 0:00:00]} Bg7 {[%emt 0:00:00]} 4. g3 {[%emt 0:00:00]} b6 {[%emt 0:00:30]} 5. Bg2 {[%emt 0:00:00]} Bb7 {[%emt 0:00:30]} 6. O-O {[%emt 0:00:30]} O-O {[%emt 0:00:30]} 7. Bf4 {[%emt 0:01:30]} d5 {[%emt 0:01:30]} 8. Ne5 {[%emt 0:06:30]} Qc8 {[%emt 0:00:00]} 9. Nc3 {[%emt 0:07:30]} dxc4 {[%emt 0:00:00]} 10. e4 {[%emt 0:00:30]} c5 {[%emt 0:01:30]} 11. d5 {[%emt 0:01:30]} Nh5 {[%emt 0:00:30]} 12. Nxc4 {[%emt 0:01:30]} Nxf4 {[%emt 0:03:30]} 13. gxf4 {[%emt 0:00:30]} Ba6 {[%emt 0:01:30]} 14. Qb3 {[%emt 0:06:30]} Qg4 {[%emt 0:12:30]} 15. Nb5 {[%emt 0:22:30]} Qxf4 {[%emt 0:01:30]} 16. d6 {[%emt 0:01:30]} Nc6 {[%emt 0:04:30]} 17. Nc7 {[%emt 0:15:30]} Nd4 {[%emt 0:00:30]} 18. Qd3 {[%emt 0:00:30]} Bxc4 {[%emt 0:07:30]} 19. Qxc4 {[%emt 0:00:30]} Be5 {[%emt 0:03:30]} 20. Rfe1 {[%emt 0:00:30]} Qxh2+ {[%emt 0:00:30]} 21. Kf1 {[%emt 0:00:30]} exd6 {[%emt 0:00:30]} 0-1

[Event "33rd Pula Open 2019"]
[Site "Pula"]
[Date "2019.06.28"]
[Round "8.11"]
[White "Grishchenko, Sergey"]
[Black "Bozinovic, Bogdan"]
[Result "1/2-1/2"]
[WhiteElo "2411"]
[BlackElo "2194"]
[Annotator "NA"]
[PlyCount "28"]
[EventDate "2019.06.22"]
[EventType "swiss"]
[EventCountry "CRO"]
[SourceTitle "playchess.com"]
[Source "ChessBase"]
[SourceQuality "1"]
[TimeControl "5400+30"]

1. d4 {[%emt 0:00:30]} Nf6 {[%emt 0:01:30]} 2. c4 {[%emt 0:00:00]} c5 {[%emt 0:00:30]} 3. d5 {[%emt 0:00:00]} e6 {[%emt 0:00:30]} 4. Nc3 {[%emt 0:00:30]} exd5 {[%emt 0:00:30]} 5. cxd5 {[%emt 0:00:00]} d6 {[%emt 0:00:30]} 6. Nf3 {[%emt 0:00:00]} g6 {[%emt 0:00:30]} 7. Bf4 {[%emt 0:00:30]} a6 {[%emt 0:02:30]} 8. a4 {[%emt 0:00:30]} Bg7 {[%emt 0:00:30]} 9. h3 {[%emt 0:00:00]} O-O {[%emt 0:01:30]} 10. e3 {[%emt 0:00:00]} Re8 {[%emt 0:04:30]} 11. Be2 {[%emt 0:02:30]} Ne4 {[%emt 0:00:30]} 12. Nxe4 {[%emt 0:03:30]} Rxe4 {[%emt 0:00:30]} 13. Nd2 {[%emt 0:00:30]} Rb4 {[%emt 0:00:30]} 14. Nc4 {[%emt 0:02:30]} Nd7 {[%emt 0:03:30]} 1/2-1/2

[Event "33rd Pula Open 2019"]
[Site "Pula"]
[Date "2019.06.28"]
[Round "8.12"]
[White "Bochnickova, Andrea"]
[Black "Zufic, Miroslav"]
[Result "0-1"]
[WhiteElo "2122"]
[BlackElo "2380"]
[Annotator "TA"]
[PlyCount "78"]
[EventDate "2019.06.22"]
[EventType "swiss"]
[EventCountry "CRO"]
[SourceTitle "playchess.com"]
[Source "ChessBase"]
[SourceQuality "1"]

{[%evp 30,78,36,35,46,24,41,19,51,44,47,45,56,46,39,10,5,-58,-47,-91,-91,-159,-165,-164,-158,-162,-118,-124,-118,-120,-126,-129,-118,-203,-92,-229,-164,-164,-168,-339,-350,-378,-380,-920,-882,-966,-981,-5013,-5005,-1296,-1233]} 1. e4 c5 2. Nf3 a6 3. c4 e6 4. Nc3 Qc7 5. d4 cxd4 6. Nxd4 b6 7. Be3 Bb7 8. f3 d6 9. Be2 Nf6 10. Rc1 Be7 11. O-O O-O 12. a3 Nbd7 13. b4 Rac8 14. Qd2 Qb8 15. Rfd1 Bd8 16. Nb3 Bc7 {A31: Symmetrical English: 2 Nf3 Nf6 3 d4} 17. g3 (17. Bf4 Ne5 18. Bxe5 dxe5 19. c5 Qa7 20. Kh1 Rcd8 21. Qe3 b5 22. Rxd8 Rxd8 23. Bxb5 axb5 24. Nxb5 {1-0 (47) Firouzja,A (2456)-Quparadze,G (2481) Doha 2016}) 17... Rfe8 18. Bf1 h6 {The position is equal.} 19. Qf2 Ne5 20. Be2 Bc6 $146 ({Predecessor:} 20... Ba8 21. Kg2 Rcd8 22. Na4 {½-½ (49) Kollar,F (2200)-Vlaovic,D (2350) Winnipeg 1994}) 21. h3 Ned7 22. Kg2 Bb7 23. h4 (23. Nd4 $11) 23... d5 $1 $15 24. cxd5 exd5 25. Nxd5 (25. Nd4 $142) 25... Nxd5 $17 26. exd5 {[#]} Nf6 $1 ({Stronger than} 26... Bxg3 27. Rxc8 Bxc8 28. Qxg3 $11) 27. Bd4 {next Bxf6 is good for White.} Bxg3 ({But not} 27... Bxd5 28. Bxf6 Bxb3 29. Rd3 $15) ({Inferior is} 27... Nxd5 28. Bd3 $11) 28. Rxc8 Bxc8 29. Qxg3 Rxe2+ 30. Bf2 Qb7 31. d6 (31. Rd2 $17 {was called for.} Rxd2 32. Nxd2) 31... Qd7 (31... Nh5 $19 {and Black stays clearly on top.} 32. Qh2 Rb2) 32. Kf1 (32. Re1 $17 Rxe1 33. Bxe1) 32... Rb2 $36 {[%mdl 2048] Black is in control.} 33. Nd4 Qa4 34. Rc1 $2 {[#]} (34. Ra1 {is the only way for White.}) 34... Bd7 $1 $19 35. Kg1 Qxa3 {...Rxf2! is the strong threat.} 36. b5 $2 {[#]} (36. Rd1) 36... Rxf2 $1 {[%mdl 576] Discovered Attack. Black is clearly winning.} 37. Kxf2 Qxc1 38. bxa6 Qb2+ {[%mdl 64] Double Attack} 39. Ne2 Bb5 {[%mdl 64] Double Attack. Accuracy: White = 21%, Black = 67%.} 0-1

[Event "33rd Pula Open 2019"]
[Site "Pula"]
[Date "2019.06.28"]
[Round "8.13"]
[White "Palchuk, Andrii"]
[Black "Medak, Bojan"]
[Result "0-1"]
[WhiteElo "2031"]
[BlackElo "2342"]
[Annotator "NA"]
[PlyCount "112"]
[EventDate "2019.06.22"]
[EventType "swiss"]
[EventCountry "CRO"]
[SourceTitle "playchess.com"]
[Source "ChessBase"]
[SourceQuality "1"]
[TimeControl "5400+30"]

1. e4 {[%emt 0:00:30]} Nc6 {[%emt 0:02:30]} 2. Nf3 {[%emt 0:00:30]} d6 {[%emt 0:00:00]} 3. d4 {[%emt 0:00:00]} Nf6 {[%emt 0:00:00]} 4. Bd3 {[%emt 0:00:00]} g6 {[%emt 0:00:30]} 5. c3 {[%emt 0:00:30]} Bg7 {[%emt 0:00:30]} 6. O-O {[%emt 0:00:00]} O-O {[%emt 0:00:00]} 7. h3 {[%emt 0:00:00]} e5 {[%emt 0:01:00]} 8. Re1 {[%emt 0:02:30]} Re8 {[%emt 0:00:00]} 9. d5 {[%emt 0:01:30]} Nb8 {[%emt 0:04:00]} 10. c4 {[%emt 0:02:30]} a5 {[%emt 0:01:30]} 11. Nc3 {[%emt 0:01:30]} Na6 {[%emt 0:00:00]} 12. a3 {[%emt 0:03:30]} Nh5 {[%emt 0:01:00]} 13. Rb1 {[%emt 0:04:30]} Nc5 {[%emt 0:01:30]} 14. Bc2 {[%emt 0:03:30]} Nf4 {[%emt 0:11:30]} 15. b4 {[%emt 0:04:30]} Na6 {[%emt 0:01:30]} 16. Be3 {[%emt 0:05:30]} h5 {[%emt 0:20:30]} 17. Ne2 {[%emt 0:07:30]} g5 {[%emt 0:08:30]} 18. Ng3 {[%emt 0:05:30]} g4 {[%emt 0:01:30]} 19. hxg4 {[%emt 0:01:30]} Bxg4 {[%emt 0:04:30]} 20. Nf5 {[%emt 0:01:30]} Qf6 {[%emt 0:06:30]} 21. Qd2 {[%emt 0:04:30]} Bxf3 {[%emt 0:11:30]} 22. Bxf4 {[%emt 0:00:30]} exf4 {[%emt 0:00:30]} 23. gxf3 {[%emt 0:00:00]} Bh6 {[%emt 0:01:30]} 24. Kg2 {[%emt 0:16:00]} Qg5+ {[%emt 0:06:30]} 25. Kh1 {[%emt 0:01:30]} Kh8 {[%emt 0:00:22]} 26. Rg1 {[%emt 0:02:30]} Qf6 {[%emt 0:00:05]} 27. Qd4 {[%emt 0:01:30]} Re5 {[%emt 0:01:08]} 28. Qd2 {[%emt 0:00:30]} Ree8 {[%emt 0:02:40]} 29. Bd3 {[%emt 0:08:30]} axb4 {[%emt 0:00:42]} 30. axb4 {[%emt 0:00:30]} Rg8 {[%emt 0:00:31]} 31. c5 {[%emt 0:00:30]} Rg6 {[%emt 0:03:09]} 32. Bxa6 {[%emt 0:00:30]} bxa6 {[%emt 0:00:54]} 33. cxd6 {[%emt 0:01:30]} cxd6 {[%emt 0:00:02]} 34. Qb2 {[%emt 0:00:30]} Qxb2 {[%emt 0:03:28]} 35. Rxb2 {[%emt 0:00:30]} Bg7 {[%emt 0:00:13]} 36. Rc2 {[%emt 0:03:42]} Be5 {[%emt 0:02:33]} 37. Rgc1 {[%emt 0:01:28]} Rb8 {[%emt 0:00:48]} 38. Rc8+ {[%emt 0:01:52]} Rg8 {[%emt 0:00:11]} 39. R8c7 {[%emt 0:05:15]} Rgf8 {[%emt 0:02:50]} 40. R1c4 {[%emt 0:00:43]} Kh7 {[%emt 0:00:40]} 41. R7c6 {[%emt 0:02:27]} a5 {[%emt 0:00:45]} 42. bxa5 {[%emt 0:00:29]} Rb1+ {[%emt 0:00:32]} 43. Rc1 {[%emt 0:01:49]} Rb3 {[%emt 0:00:46]} 44. Nxd6 {[%emt 0:04:01]} Rxf3 {[%emt 0:00:05]} 45. Nf5 {[%emt 0:00:29]} f6 {[%emt 0:01:12]} 46. Re6 {[%emt 0:01:31]} Rg8 {[%emt 0:00:31]} 47. Kh2 {[%emt 0:02:12]} Rxf2+ {[%emt 0:00:02]} 48. Kh3 {[%emt 0:00:15]} f3 {[%emt 0:00:50]} 49. Rxe5 {[%emt 0:00:40]} fxe5 {[%emt 0:00:01]} 50. d6 {[%emt 0:00:09]} Rd2 {[%emt 0:00:45]} 51. a6 {[%emt 0:00:40]} f2 {[%emt 0:00:19]} 52. a7 {[%emt 0:01:03]} Ra2 {[%emt 0:01:31]} 53. Ng3 {[%emt 0:00:44]} Ra3 {[%emt 0:00:31]} 54. d7 {[%emt 0:00:24]} Raxg3+ {[%emt 0:00:16]} 55. Kh2 {[%emt 0:00:04]} Rg2+ {[%emt 0:00:14]} 56. Kh3 {[%emt 0:00:04]} Rg1 {[%emt 0:01:02]} 0-1

[Event "33rd Pula Open 2019"]
[Site "Pula"]
[Date "2019.06.28"]
[Round "8.14"]
[White "Trkulja, Goran"]
[Black "Suta, Andraz"]
[Result "1-0"]
[WhiteElo "2299"]
[BlackElo "2195"]
[Annotator "TA"]
[PlyCount "129"]
[EventDate "2019.06.22"]
[EventType "swiss"]
[EventCountry "CRO"]
[SourceTitle "playchess.com"]
[Source "ChessBase"]
[SourceQuality "1"]

{[%evp 15,190,-33,-12,-30,-25,-23,0,0,0,0,0,0,0,0,5,0,14,0,46,46,46,46,46,46,46,46,46,52,81,80,102,101,167,116,118,116,112,97,97,97,97,80,88,87,87,83,81,81,142,117,222,216,204,103,75,45,45,45,52,45,45,9,9,12,15,16,43,43,45,16,34,34,56,16,16,16,96,96,96,96,96,96,96,0,96,96,96,96,96,0,0,0,96,96,96,96,1914,96,1560,1181,5635,5081,3706,3216,1188,1132,6118,173,4631,3117,7758,7758,7735,7382,6168,6141,29948,6027,6009,0,6461,6390,6027,6009,5972,5965,5965,5285,5040,5040,29977,29978,29979,29980,29982,29984,29984,29985,29985,29986,29986,29987,29987,29986,29986,29987,29988,29988,29995,29990,29991,29989,29989,29990,29990,29991,29991,29992,29992,29993,29993,29994,29994,29995,29995,29994,29996,29997,29997,29997,29998,29999,29999,29999,29999,29999,29999]} 1. d4 Nf6 2. Nf3 d5 3. Bf4 c5 4. e3 Nc6 5. c3 Qb6 6. Qb3 c4 7. Qc2 Bf5 8. Qc1 e6 9. h3 {D02: 1 d4 d5 2 Nf3 sidelines, including 2...Nf6 3 g3 and 2...Nf6 3 Bf4} h6 10. Nbd2 Qd8 11. Be2 {The position is equal.} Bd6 (11... Be7 12. O-O O-O 13. Bd1 b5 14. Bc2 Bxc2 15. Qxc2 Bd6 16. Bxd6 Qxd6 17. e4 dxe4 18. Nxe4 Nxe4 19. Qxe4 Qd5 20. Qxd5 exd5 {1-0 (51) Nisipeanu,L (2674)-Parligras,M (2645) Bucharest 2018}) 12. Bxd6 Qxd6 13. b3 cxb3 $1 14. axb3 O-O 15. O-O Rfc8 16. c4 $146 ({Predecessor:} 16. Qa3 Qd8 17. Rfc1 {0-1 (50) Huemmer,B (2141)-Mazur,S (2413) Bamberg 2018}) 16... e5 17. c5 Qe7 {White must now prevent ...exd4.} 18. dxe5 Nxe5 19. Nxe5 Qxe5 20. b4 a5 21. bxa5 Nd7 22. Nb3 d4 23. a6 bxa6 (23... Nxc5 $16 {might work better.} 24. axb7 (24. exd4 Qxe2 25. Nxc5 Rxa6 $11) (24. Nxd4 Nxa6 25. Qd2 Nc5 $14) 24... Nxb7 25. Rxa8 Rxa8) 24. Bxa6 ({White should play} 24. Bf3 $18 Nxc5 25. Ra5 (25. Nxd4 Nb3 $11) 25... Nxb3 26. Qxc8+ $1 {[%mdl 512]} (26. Rxe5 Nxc1 27. Bxa8 Bd3 $16) 26... Rxc8 27. Rxe5) 24... Rxa6 $16 25. Rxa6 dxe3 {Black wants to play ...Bd3.} 26. Qxe3 Qxe3 27. fxe3 Bd3 28. Raa1 {And now Rfc1 would win.} Bxf1 29. Kxf1 {[%mdl 4096] Endgame KRN-KRN} Kf8 30. Ke2 Rb8 31. Ra7 Ke8 {[#]} (31... Ne5 $142 32. Nd4 Rb2+ 33. Kd1 Ke8) 32. c6 $1 {[%cal Rc6d7]} Ne5 {[#]} (32... Rxb3 $16 33. Rxd7 (33. cxd7+ Kd8 $11) 33... h5) 33. Nd4 $1 $18 Rc8 34. Ra6 (34. Nf5 $18 Kd8 35. Re7 (35. Nxg7 Rxc6 36. Nf5 Rc2+ 37. Kf1 h5 $16)) 34... g6 35. e4 Ke7 36. Ke3 Kd6 37. Ra7 Nxc6 38. Nxc6 (38. Rxf7 {is more complex.} Nxd4 39. Kxd4 Ke6 40. Rg7 Rd8+ 41. Ke3) 38... Rxc6 39. Rxf7 $14 {aiming for Rf6+. KR-KR} Ke5 40. Rd7 Ra6 41. Rd5+ Ke6 42. Rb5 Kf6 43. h4 Ra2 44. g3 h5 45. Rb6+ Kf7 (45... Ke5 $11) 46. Kf3 $16 Ra3+ 47. Kf4 Ra5 48. Rb7+ Kf6 49. Rb6+ Kf7 50. Rd6 Rb5 51. Rd5 Rb3 52. Ke5 (52. Rd8 $16) 52... Ke7 53. Ra5 Rb7 (53... Rf3 $11) 54. Rc5 Ra7 55. Kf4 Ra4 $2 {[%mdl 8192]} (55... Ra3 $16 56. Rc6 Kf7) 56. Rb5 $2 (56. Kg5 $18 Ra6 57. Rc7+ Kf8 58. Kh6) 56... Rc4 $2 {[%mdl 8192]} (56... Ra3 $16 57. Rc5 Kf6 58. Rc6+ Kf7) 57. Kg5 $18 Rc6 58. Rb7+ Kf8 59. e5 Ra6 60. Rd7 Re6 61. Rd5 $2 (61. Rd6 Rxe5+ 62. Kf6 (62. Kxg6 Re3 $16) 62... Rf5+ 63. Kxg6) 61... Kf7 $2 (61... Kg7 62. Rd7+ Kf8) 62. Kh6 Kf8 63. Rd6 Rxe5 64. Rxg6 Kf7 {[#]} 65. Rg7+ {Played: Rg6-g5} 1-0

[Event "33rd Pula Open 2019"]
[Site "Pula"]
[Date "2019.06.28"]
[Round "8.15"]
[White "Zierke, Oliver"]
[Black "Saradjen, Janko"]
[Result "1-0"]
[WhiteElo "2227"]
[BlackElo "1971"]
[Annotator "TA"]
[PlyCount "87"]
[EventDate "2019.06.22"]
[EventType "swiss"]
[EventCountry "CRO"]
[SourceTitle "playchess.com"]
[Source "ChessBase"]
[SourceQuality "1"]

{[%evp 12,103,55,36,86,99,118,87,93,93,66,71,69,61,63,64,68,68,102,95,120,109,103,122,148,142,138,141,188,188,212,167,185,170,179,159,218,188,203,154,140,154,151,140,188,190,197,132,129,129,139,139,139,69,73,81,77,41,91,89,112,72,435,443,447,447,508,493,453,471,573,560,544,367,512,500,774,723,29980,29981,29978,29979,29982,29983,29983,29984,29984,29985,29985,29986,29986,29987,29987,29988]} 1. d4 g6 2. c4 Bg7 3. e4 d6 4. Nc3 Nc6 5. Be3 e5 6. d5 Nce7 7. g4 h5 {[#] A42: Modern Defence: Averbakh Variation} (7... f5 8. gxf5 gxf5 9. Qh5+ Kf8 10. exf5 Nf6 11. Qe2 Nxf5 12. Nf3 a6 13. Bh3 Nxe3 14. fxe3 Bxh3 15. O-O-O Bg4 16. Rhg1 Qd7 17. Rdf1 Rg8 18. Nxe5 dxe5 19. Rxg4 {0-1 (25) Korobov,A (2652)-Mamedov,R (2709) Huaian 2017}) 8. g5 $1 f5 9. gxf6 Nxf6 {White is better.} 10. h4 $146 ({Predecessor:} 10. f3 h4 11. Qd2 Nh5 12. Bh3 Nf4 13. Bxc8 Nxc8 14. Bxf4 exf4 15. Nge2 {1-0 (49) Veneteanu,I (2245)-Martin,T (2103) Eforie Nord 1999}) 10... O-O 11. f3 c6 12. Qd2 cxd5 13. cxd5 Bd7 14. O-O-O Qa5 15. Kb1 Rab8 {[#]} 16. Nb5 $1 {[%mdl 512]} Qxd2 (16... Bxb5 17. Qxa5) 17. Bxd2 Bxb5 18. Bxb5 a6 19. Be2 Rfc8 20. Bb4 Ne8 21. Bf1 b5 22. Bh3 Rc4 23. a3 Rb7 (23... Bf6 $16 {was worth a try.} 24. Ne2 Kf8) 24. Ne2 Ra7 25. b3 Rcc7 26. Ba5 Rcb7 27. Nc1 Bh6 28. Nd3 Be3 29. Nb4 (29. Rhf1 $18) 29... Bb6 $16 30. Nc6 Bxa5 31. Nxa5 Rc7 32. Rc1 (32. Kb2 $16) 32... Kg7 $14 33. Nc6 Ra8 34. Rhg1 {aiming for Nxe7.} Kh6 35. Rc2 {And now Rcg2 would win.} Nf6 36. Be6 {Strongly threatening Nxe5.} Neg8 $2 {[%mdl 8192]} (36... Rf8 $16) 37. Rcg2 $18 Rg7 38. Bf5 $1 {[%cal Rg2g6]} Ng4 39. fxg4 gxf5 40. gxf5 Rxg2 41. Rxg2 {[%mdl 4096] Endgame KRN-KRN} Rf8 42. Rg6+ Kh7 {intending ...Nf6.} 43. Kc2 Rf6 {[#]} (43... Nf6 $142 44. Kd3 Ne8) 44. Rg5 {Played: Nc6-e7} 1-0

[Event "33rd Pula Open 2019"]
[Site "Pula"]
[Date "2019.06.29"]
[Round "9.1"]
[White "Saric, Ante"]
[Black "Zelcic, Robert"]
[Result "1/2-1/2"]
[WhiteElo "2542"]
[BlackElo "2518"]
[Annotator "TA"]
[PlyCount "22"]
[EventDate "2019.06.22"]
[EventType "swiss"]
[EventCountry "CRO"]
[SourceTitle "playchess.com"]
[Source "ChessBase"]
[SourceQuality "1"]

{[%evp 11,19,58,77,61,57,52,70,61,77,77]} 1. c4 Nf6 2. d4 c5 3. d5 e6 4. Nc3 exd5 5. cxd5 d6 6. e4 Be7 7. h3 {A65: Modern Benoni: 6 e4} O-O 8. Nf3 a6 9. a4 Nbd7 10. Bd3 {Predecessor:} Ne8 $146 11. O-O Bf6 {½-½ (11) Gonzalez Garcia,J (2505)-Munoz Pantoja,M (2495) Sabadell 2017} 1/2-1/2